000 00478nam a2200157 4500
001 110312
003 ES-MaACL
005 20230906185025.0
007 t|
008 061121s1958 sp r ||||1| spa d
110 2 _aCastellón.
_bAyuntamiento.
_92491
245 1 0 _aOrdenanzas de construcción
_b: plan de ordenación parcial de Val de Uxó.
260 _aCastellón :
_b[s.n.],
_c1958 (
_fImp. Armengot)
300 _a22 p. ;
_c24 cm.
852 _aES-MaACL
_j2009-F-3
_bR.42263
999 _c110312
_d110312